000 00750cab a22001935a 4500
001 L146684
008 090216e20080613xxko f 000 0 eng d
035 _a(Sirsi) u146684
041 0 _aeng
100 1 _aBarnes, Rachel
245 0 0 _aRICS consultancy form
_ba false friend
260 _c2008
490 0 _aBuilding
_v273 (8548) 26 September 2008, 70 (1)
520 _aDiscusses the disadvantages of the new RICS Consultancy Appointment Form. Explains the pitfalls that consultants should be aware of when signing these forms. Suggests to consultants to consider amending the forms as protection against these risks.
590 _aKA
651 4 _aEngland and Wales
_y1543-
690 _aBUILT ENVIRONMENT-BUILDING CONTRACT FORMS
942 _n0
999 _c81243
_d81243